History Quiz

Random History or World Quiz

Non-WWII Events (1939-1945) Quiz Stats

 Plays Quiz Updated Mar 29, 2019

Score 0/20 Timer 04:00
0 Plays Today
Date Answer % Correct
31 October 1941Mount Rushmore
77.2%
2 March 1940Elmer Fudd
77%
9 August 1942Mohandas Gandhi
74.7%
26 July 1945Winston Churchill
74.2%
15 December 1939Gone With the Wind
74.2%
13 January 1941Puerto Rico
74.1%
2 December 1939La Guardia Airport
72.5%
26 November 1942Casablanca
66.3%
15 November 1939Thomas Jefferson
57.4%
17 July 1941Joe DiMaggio
56%
Date Answer % Correct
22 November 1943Lebanon
46.8%
20 August 1940Leon Trotsky
46.3%
8 March 1945Josip Broz Tito
42%
4 January 1943Earl Warren
41.3%
7 November 1944Thomas Dewey
27.1%
7 February 1940Pinocchio
24.1%
c. 1942C.S. Lewis
21.4%
May 1944No Exit
12.2%
17 May 1943University of Pennsylvania
8.3%
24 June 1940Wendell Willkie
8.2%

You're not logged in!

Compare scores with friends on all Sporcle quizzes.
OR
Log In

Show Comments

Extras

Top Quizzes Today


Score Distribution

Your Account Isn't Verified!

In order to create a playlist on Sporcle, you need to verify the email address you used during registration. Go to your Sporcle Settings to finish the process.

Report this User

Report this user for behavior that violates our Community Guidelines.

Details: